Hawaii Cities A-Z - Statistics

General Stats
  • This quiz has been taken 37 times
    24 since last reset
  • The average score is 5 of 12
Answer Stats
Population Municipality or CDP % Correct
E 50,922 East Honolulu
100%
H 350,964 Honolulu
100%
P 45,295 Pearl City
74%
K 40,514 Kailua
57%
L 12,702 Lahaina
57%
A 10,408 Aiea
35%
W 43,485 Waipahu
30%
M 28,121 Mililani Town
22%
N 12,195 Nanakuli
13%
O 14,965 Ocean Pointe
13%
R 14,896 Royal Kunia
13%
S 14,904 Schofield Barracks
13%
No matching quizzes found
Score Distribution
Percent of People with Each Score
Percentile by Number Answered
Your Score History
You have not taken this quiz since the last reset